| 000 | 01209nkm a2200313 c 4500 | ||
|---|---|---|---|
| 999 |
_c212489 _d212489 |
||
| 003 | BLK | ||
| 005 | 20200916144526.0 | ||
| 008 | 180413b bul rap|r|||| r0| ||bulo| | ||
| 010 | _aKNG00215806000 | ||
| 020 | _a978-619-7378-18-4 | ||
| 040 | _aBLK | ||
| 041 |
_aBUL _cBUL |
||
| 072 | 7 |
_2bullib _aН86 _xДетска отраслова литература Н |
|
| 080 |
_aИздания за деца и юноши. Книжки-картинки. Читанки. Вж и 372.4 _b087.5 _z087.5 |
||
| 139 |
_aДимитров, Христо _bД 58 |
||
| 245 | 1 | 0 |
_aСтроителни машини _bColoring book _cхудож. Христо Димитров Димитров. |
| 257 | _aBGR | ||
| 260 |
_bЗнание _c2017 |
||
| 300 |
_a24 с. _bс цв. ил. _c24 см |
||
| 380 | _aDN | ||
| 500 | _aИмето на ил. отбелязано в изд. каре | ||
| 659 | _aН | ||
| 700 | 1 |
_aДимитров, Христо Димитров _eхудож. _9374278 |
|
| 852 |
_aЦб 302805 _bЦб |
||
| 856 | 4 |
_qpdf _u |
|
| 856 | 4 |
_qpdf _u |
|
| 942 |
_cGRA _n0 _s1 |
||
| 944 |
_aCR _c08.02.2018 _kВиолета_Тройчева |
||
| 944 |
_aED _c14.03.2018 _kГрета_Цуфелде |
||
| 999 | _d212489 | ||